Tous les Pokemon de type Sol (1G) - Statistiques

Statistiques générales
  • Ce quiz a été pris 23 fois
  • Le résultat moyen est 12 sur 14
Statistiques - réponses
Hint Réponse % Correct
Sol + Roche Gravalanch
95%
Sol + Roche Grolem
95%
Sol + Roche Racaillou
95%
Sol + Roche Onix
90%
Sol + Roche Rhinocorne
90%
Sol + Roche Rhinoféros
90%
Sol Taupiqueur
90%
Sol Triopikeur
90%
Sol Sabelette
86%
Sol Sablaireau
86%
Sol + Poison Nidoking
76%
Sol + Poison Nidoqueen
76%
Sol Ossatueur
62%
Sol Osselait
62%
Aucun quiz correspondant
Distribution des résultats
% des personnes avec chaque résultat
Percentile par nombre de réponses
Votre historique - résultats
Vous n’avez pas pris ce quiz